000
00314nam a2200133Ia 4500
005
20260326235439.0
008
260326s9999||||xx |||||||||||||| ||und||
100
_a
Safran, Yehuda E.
245
0
_a
Mies Van der Rohe /
_c
Yehuda E. Safran
260
_b
Blau
300
_a
214 p.
650
_a
ARQUITECTOS
942
_c
BK
999
_c
7340
_d
7340